Conducting organic materials and devices (Record no. 1210305)

MARC details
000 -LEADER
fixed length control field 01216nam a2200349Ia 4500
003 - CONTROL NUMBER IDENTIFIER
control field OSt
005 - DATE AND TIME OF LATEST TRANSACTION
control field 20221007122417.0
008 - FIXED-LENGTH DATA ELEMENTS--GENERAL INFORMATION
fixed length control field 221006b |||||||| |||| 00| 0 eng d
020 ## - INTERNATIONAL STANDARD BOOK NUMBER
International Standard Book Number 9780127521909 (hbd)
037 ## - SOURCE OF ACQUISITION
Terms of availability Textbook
040 ## - CATALOGING SOURCE
Original cataloging agency PAPL
Transcribing agency PAPL
Language of cataloging eng
041 ## - LANGUAGE CODE
Source of code eng
Language code of text/sound track or separate title eng
100 ## - MAIN ENTRY--PERSONAL NAME
Personal name Jain Suresh C
9 (RLIN) 714278
245 #0 - TITLE STATEMENT
Title Conducting organic materials and devices
Remainder of title Willander Magnus Kumar Vikram
260 ## - PUBLICATION, DISTRIBUTION, ETC.
Place of publication, distribution, etc. Amsterdam
Name of publisher, distributor, etc. Elsevier
Date of publication, distribution, etc. 2007
300 ## - PHYSICAL DESCRIPTION
Extent vii,188p.
Dimensions cm.
490 ## - SERIES STATEMENT
Series statement Semicondutors and semimetals, 81
500 ## - GENERAL NOTE
General note Bibliography 147-155p.; Index 157-166p.
650 ## - SUBJECT ADDED ENTRY--TOPICAL TERM
Topical term or geographic name entry element Conducting polymers
9 (RLIN) 714279
650 ## - SUBJECT ADDED ENTRY--TOPICAL TERM
Topical term or geographic name entry element Electricity material science
9 (RLIN) 714280
650 ## - SUBJECT ADDED ENTRY--TOPICAL TERM
Topical term or geographic name entry element Organic conductors
9 (RLIN) 714281
650 ## - SUBJECT ADDED ENTRY--TOPICAL TERM
Topical term or geographic name entry element Polymers-Electric properties
9 (RLIN) 714282
650 ## - SUBJECT ADDED ENTRY--TOPICAL TERM
Topical term or geographic name entry element Physics
700 ## - ADDED ENTRY--PERSONAL NAME
Personal name Kumar Vikram
9 (RLIN) 714283
700 ## - ADDED ENTRY--PERSONAL NAME
Personal name Willander Magnus
9 (RLIN) 714284
942 ## - ADDED ENTRY ELEMENTS (KOHA)
Classification part C6:212, P7 Carpa
Koha item type Textbook
Source of classification or shelving scheme Colon Classification (CC)
Holdings
Withdrawn status Lost status Source of classification or shelving scheme Damaged status Not for loan Home library Current library Date acquired Source of acquisition Total Checkouts Full call number Barcode Date last seen Price effective from Koha item type
    Colon Classification (CC)     Department of Physics and Astrophysics Library Department of Physics and Astrophysics Library 2022-10-07 002, 23/07/2009, Aviva Books Company   C6:212 P7 Carpa PA0006409 2022-10-07 2022-10-07 Textbook
Copyright @ Delhi University Library System